[Event "Challenge"]
[Site "http://www.queenalice.com/game.php?id=105802"]
[Date "2006.9.14"]
[Round "-"]
[White "joubert27"]
[Black "draconis1"]
[Result "0-1"]
[WhiteElo "1203"]
[BlackElo "1721"]

1. e4 e5 2. Nf3 Nc6 3. Bb5 a6 4. Bxc6 bxc6 5. Nxe5 Qg5 6. Nf3 Qxg2 7. Nc3 Qxh1+
8. Ke2 Qxd1+ 9. Kxd1 Nf6 10. d3 Bb4 11. Bg5 Ng4 12. a3 Bxc3 13. bxc3 Nxf2+ 14.
Ke1 Nh3 15. Bh4 O-O 16. Be7 Re8 17. Bh4 d5 18. Ng5 Nxg5 19. Bxg5 Rb8 20. h4 dxe4
21. Bf4 exd3+ 22. Kd2 dxc2 23. Kxc2 Bf5+ 24. Kd2 Rb2+ 0-1

[Event "Challenge"]
[Site "http://www.queenalice.com/game.php?id=106657"]
[Date "2006.9.16"]
[Round "-"]
[White "joubert27"]
[Black "xmas"]
[Result "0-1"]
[WhiteElo "1177"]
[BlackElo "1354"]

1. e4 d5 2. Nc3 d4 3. Bb5+ c6 4. Bc4 dxc3 5. dxc3 Nf6 6. e5 Qxd1+ 7. Kxd1 Ne4 8.
Be3 Nd7 9. e6 fxe6 10. f3 Nd6 11. Bxe6 Nc4 12. Bc5 Nxc5 13. Bxc8 Rxc8 14. b4 Na4
15. Ne2 Ne3+ 16. Kd2 Nxg2 17. Rhf1 Rd8+ 18. Kc1 Ne3 19. Rg1 g6 20. Rg3 Rd1# 0-1

[Event "Challenge"]
[Site "http://www.queenalice.com/game.php?id=106678"]
[Date "2006.9.16"]
[Round "-"]
[White "joubert27"]
[Black "Burianski"]
[Result "0-1"]
[WhiteElo "1205"]
[BlackElo "1331"]

1. e4 Nf6 2. Nc3 b6 3. e5 Ng4 4. Nf3 f6 5. h3 Nxe5 6. Nxe5 fxe5 7. Bd3 g6 8. O-O
Bh6 9. g4 O-O 10. Bc4+ e6 11. Ne4 Qh4 12. Qf3 Bb7 13. Qg3 Qxg3+ 14. fxg3 Nc6 15.
Nf6+ Kg7 16. Nxd7 Rf7 17. Rxf7+ Kxf7 18. d3 Nd4 19. Bd2 Bxd2 20. Rf1+ Bf3 21.
Nxe5+ Ke7 22. Nxf3 Be3+ 23. Kh2 b5 24. Re1 bxc4 25. Rxe3 Nxf3+ 26. Rxf3 Rf8 27.
Rxf8 Kxf8 28. dxc4 h5 29. gxh5 gxh5 30. b4 Ke7 31. Kg2 c5 32. b5 Kd7 33. g4 hxg4
34. h4 Ke7 35. h5 Kf7 0-1

[Event "AUTO-BEG-28"]
[Site "http://www.queenalice.com/game.php?id=107270"]
[Date "2006.9.18"]
[Round "1"]
[White "joubert27"]
[Black "marcosbratz"]
[Result "0-1"]
[WhiteElo "1229"]
[BlackElo "1474"]

1. e4 c5 2. d4 cxd4 3. Qxd4 Nc6 4. Qd1 e5 5. Bb5 d6 6. Nf3 Qa5+ 7. c3 Qxb5 8. b3
Bg4 9. c4 Qxc4 10. bxc4 Nf6 11. Nc3 Nd4 12. Nxd4 Bxd1 13. Nxd1 exd4 14. Rb1 b6
15. O-O Be7 16. Nb2 O-O 17. Bg5 h6 18. Bxf6 Bxf6 0-1

[Event "AUTO-BEG-28"]
[Site "http://www.queenalice.com/game.php?id=107271"]
[Date "2006.9.18"]
[Round "1"]
[White "marcosbratz"]
[Black "joubert27"]
[Result "1-0"]
[WhiteElo "1467"]
[BlackElo "1237"]

1. e4 Na6 2. d4 b6 3. Nf3 Bb7 4. Nc3 d5 5. Bd3 dxe4 6. Nxe4 Bxe4 7. Bxe4 Rb8 8.
Bc6+ Qd7 9. Bxd7+ Kxd7 10. Ne5+ Ke6 11. Qg4+ Kd5 12. f3 f6 13. Qe4+ Ke6 14. Qc6+
Kf5 15. Qe4+ Ke6 16. Nc6+ Kf7 17. Nxb8 Nxb8 18. Qd5+ e6 19. Qd8 Nc6 20. Qxc7+
Nce7 21. Qxa7 1-0

[Event "AUTO-BEG-28"]
[Site "http://www.queenalice.com/game.php?id=107274"]
[Date "2006.9.18"]
[Round "1"]
[White "joubert27"]
[Black "toetapping"]
[Result "0-1"]
[WhiteElo "1274"]
[BlackElo "1229"]

1. e4 e5 2. d4 f6 3. dxe5 fxe5 4. Nf3 d6 5. Bg5 Qd7 6. Nc3 h6 7. Bh4 g5 8. Bb5
c6 9. Ba4 Qe6 10. Bb3 Qf6 11. Bxg8 Rxg8 12. Bg3 b5 13. O-O g4 14. Bh4 Qg7 15. h3
gxf3 16. Qxf3 a5 17. Qh5+ Kd7 18. Rad1 Kc7 19. f4 Qxg2# 0-1

[Event "AUTO-BEG-28"]
[Site "http://www.queenalice.com/game.php?id=107275"]
[Date "2006.9.18"]
[Round "1"]
[White "toetapping"]
[Black "joubert27"]
[Result "1-0"]
[WhiteElo "1285"]
[BlackElo "1203"]

1. d4 Nf6 2. h4 b6 3. h5 Na6 4. Nc3 Bb7 5. d5 c6 6. e4 cxd5 7. exd5 e6 8. Nb5
Bxd5 9. c4 Be4 10. f3 Bf5 11. g4 Bb4+ 12. Bd2 Bxd2+ 13. Qxd2 Rc8 14. Nxa7 Rxc4
15. Bxc4 O-O 16. gxf5 exf5 17. h6 gxh6 18. Qg2+ Kh8 19. Ne2 Nb4 20. Rc1 Nfd5 21.
Rg1 Rg8 22. Ng3 Qe8+ 23. Kd2 Ne3 24. Qf2 f4 25. Nh5 Rg6 26. Rh1 Rg2 27. Qxg2
Nxg2 28. Nf6 Qe3+ 29. Kd1 Qd4+ 30. Ke2 Qxb2+ 31. Kd1 Qd4+ 32. Ke2 Qe3+ 33. Kd1
1-0

[Event "One"]
[Site "http://www.queenalice.com/game.php?id=108361"]
[Date "2006.9.21"]
[Round "-"]
[White "Tourniquet"]
[Black "joubert27"]
[Result "1-0"]
[WhiteElo "1772"]
[BlackElo "1190"]

1. e4 e5 2. Nf3 Nc6 3. Bc4 Nh6 4. d3 Nd4 5. Bxh6 gxh6 6. Nxe5 d6 7. Nf3 Nxf3+ 8.
Qxf3 f6 9. O-O c6 10. Qh5+ Kd7 11. Qf7+ Be7 12. Re1 Rf8 13. Qxh7 d5 14. exd5 b5
15. dxc6+ Kxc6 16. Qe4+ Kc7 17. Qxa8 Bb7 18. Qxa7 Qb8 19. Rxe7+ Kc8 20. Be6+ Kd8
21. Qxb8+ Kxe7 22. Qxb7+ Kxe6 23. Qxb5 Rd8 24. Qc4+ Ke7 25. Nd2 Rg8 26. Qxg8 Kd7
27. Re1 Kd6 28. Nc4+ Kd7 29. Qe6+ Kc7 30. Qa6 Kd8 31. Nd6 Kc7 32. Re7+ 1-0